| 000 | 00793cam a22002653a 4500 | ||
|---|---|---|---|
| 001 | 2286 | ||
| 003 | PGUSA | ||
| 005 | 20140828083012.0 | ||
| 008 | 060514s2006||||xxu|||||s|||||000 1 eng d | ||
| 040 |
_aPGUSA _beng |
||
| 042 | _adc | ||
| 050 | 4 | _aPS | |
| 100 | 1 |
_aHarte, Bret, _d1836-1902 |
|
| 245 | 1 | 0 |
_aDevil's Ford _h[electronic resource] / _cBret Harte |
| 260 |
_bProject Gutenberg, _c2006 |
||
| 506 | _aPublic domain in the USA. | ||
| 516 | _aElectronic text | ||
| 653 | _aProspecting -- Fiction | ||
| 653 | _aWestern stories | ||
| 653 | _aFrontier and pioneer life -- West (U.S.) -- Fiction | ||
| 653 | _aWest (U.S.) -- Social life and customs -- 19th century -- Fiction | ||
| 830 | 0 |
_aProject Gutenberg _v2286 |
|
| 856 | 4 | 0 | _uhttp://www.gutenberg.org/ebooks/2286 |
| 942 | _cEB | ||
| 999 |
_c231623 _d231623 |
||